00881nam a2200277 a 450000100060000000300100000600500170001600700030003300800410003602000290007702000150010604000260012108200150014708400100016210000540017224500400022625000120026630000200027833600270029833700330032533800280035865000420038694200120042899900170044095201460045760209CO-BoRNBP20251215150923.0ta990326s1999 ck gr 000 j spa  a9582000147 (colección) a9582004622 aCO-BoBNbspacCO-BoBN04a891.73220 aC DOS1 aDostoievski, Fedor Mijailovich,d1821-188196800910aNoches blancas /cFedor Dostoievski a1a. ed. a118 p. ;c20 cm 2rdacontentatextobtxt 2rdamediaasin mediaciónbn 2rdacarrieravolumenbnc14aCuentos rusosySiglo XIX2LEMB963455 2ddccBK c60209d60209 00102lcc40708012aMESJUANIbMESJUANIcLITd2025-12-15eDonación CLCPl0oC DOS1pSJU02420r2025-12-15 15:10:00tEj.1w2025-12-15yBKLIT